| 000 | 01710nam1a2200349 i 4500 | ||
|---|---|---|---|
| 001 | RU\NLR\bibl\145737 | ||
| 005 | 20260409075141.0 | ||
| 035 | _a(NLR Aleph) 000142792 | ||
| 090 |
_a817818 _c817818 |
||
| 100 | _a20010403g20009999u y0rusy50 ca | ||
| 101 | 0 | _arus | |
| 102 | _aRU | ||
| 105 | _aa ||||||||| | ||
| 200 | 1 |
_aОбразовательная программа - маршрут ученика _f[О.В. Акулова, Т.Б. Алексеева, Л.Н. Бережнова и др.] _gПод ред. д.пед.н., проф. чл.-корр. РАО А.П. Тряпицыной |
|
| 210 |
_aСПб. _cИзд-во Центра проф. обновления "Информатизация образования" _d2000 |
||
| 215 | _d21 | ||
| 225 | 1 | _aШкола на пороге нового века | |
| 463 | 0 | _1001140001 | |
| 606 |
_aШколы _xРуководство _3RU\NLR\auth\661396633 _92336039 |
||
| 606 |
_aШкола _xУчебные программы _3RU\NLR\auth\66860647 _91892144 |
||
| 606 |
_aШкола _xРуководство _3RU\NLR\auth\661251886 _92076715 |
||
| 686 | _aЧ421.211 | ||
| 686 | _aЧ421.41 | ||
| 701 | 1 |
_aАкулова _bО. В. _gОльга Владимировна _4070 |
|
| 701 | 1 |
_4070 _8rus _7ca _aАлексеева _bТ. Б. _cканд. пед. наук _gТатьяна Борисовна _3RU\NLR\auth\7721554 _94616 |
|
| 701 | 1 |
_4070 _8rus _7ca _aБережнова _bЛ.Н. _gЛюдмила Николаевна _3RU\NLR\auth\7725582 _98629 |
|
| 702 | 1 |
_aТряпицына _bА. П. _gАлла Прокофьевна _4340 |
|
| 801 | 0 |
_aRU _bNLR _c20010403 _gPSBO |
|
| 801 | 1 |
_aRU _bNLR _c20010403 |
|
| 852 |
_aNLR _j2001-3/2249 |
||
| 942 | _cBOOK | ||